Années d’indépendance - Amériques du Nord - Centrale, Grandes Antilles - Statistiques

Statistiques générales
  • Ce quiz a été pris 9 fois
  • Le résultat moyen est 9 sur 13
Statistiques - réponses
Hint Réponse % Correct
Haïti 1804
88%
Cuba 1902
88%
États-Unis 1776
75%
Nicaragua 1821
75%
Guatemala 1821
75%
Mexique 1821
75%
Honduras 1821
75%
Costa Rica 1821
75%
Salvador 1821
75%
Panama 1903
63%
Jamaïque 1962
63%
Belize 1981
63%
RépubliqueDominicaine 1844
50%
Aucun quiz correspondant
Distribution des résultats
% des personnes avec chaque résultat
Percentile par nombre de réponses
Votre historique - résultats
Vous n’avez pas pris ce quiz